| 000 | nam a22 7a 4500 | ||
|---|---|---|---|
| 999 |
_c19469 _d19469 |
||
| 008 | 170116b xxu||||| |||| 00| 0 eng d | ||
| 020 | _a9780321092465 | ||
| 050 | _aLB 3013 .F53 2002 | ||
| 100 |
_aFlatley, Joannis _d2002. |
||
| 245 |
_aThe longman guide to: _bclassroom management/ _cJoannis Flatley |
||
| 300 |
_a47p.: _bill.; _c26cm. |
||
| 521 | _aIncludes index. | ||
| 650 | _aProblem youth. | ||
| 650 | _aSchool discpline. | ||
| 942 |
_2lcc _cBOOKS _hLB 3013 .F53 2002 |
||